000 00953nac a22003377a 4500
001 BR0500468
003 BR-BrBNA
005 20240105123103.0
008 230509b bl.|||m| |||| 00| 0 por d
040 _aBR-BrBNA
_bpor
_cBiblioteca Nacional de Agricultura
072 _aF02
090 _a1120 BR0500468
100 1 _aCastro Neto, M.T. de
100 1 _aFonseca, N.
110 1 _aEMBRAPA Mandioca e Fruticultura, Cruz das Almas, BA (Brasil)
245 1 _aEnxertia precoce da mangueira
260 3 _aCruz das Almas, BA (Brasil):
_c2003.
300 _a2 p.
490 _aManga em Foco (Brazil)
_vno. 3
_x
650 _aMANGA
650 _aSISTEMA DE PRODUÇÃO
650 _aENXERTO
650 _aPRECOCIDADE VEGETAL
650 _aSISTEMA RADICULAR
650 _aMUDA
650 _aQUALIDADE
650 _aCUSTO DE PRODUÇÃO
650 _aBROTAÇÃO
909 _a202312
_bLúcia Elande
_c55
_dLúcia Elande
942 _2AGRIS
_n0
_cMS
999 _c293933
_d293933